| Tag |
First Indicator |
Second Indicator |
Subfields |
| LEADER |
00000cam a2200000 i 4500 |
| 001 |
in00005778570 |
| 003 |
OCoLC |
| 005 |
20250531150101.4 |
| 007 |
t| |
| 008 |
240317s2024 enka b 001 0 eng d |
| 024 |
8 |
|
|a 40032864012
|
| 040 |
|
|
|a YDX
|b eng
|e rda
|c YDX
|d YDX
|d OCLCO
|d TEU
|d UKMGB
|
| 020 |
|
|
|a 1803992719
|q (hardcover)
|
| 020 |
|
|
|a 9781803992716
|q (hardcover)
|
| 020 |
|
|
|z 9781803992723
|q ePub ebook
|
| 035 |
|
|
|a (OCoLC)1426995655
|
| 043 |
|
|
|a e-uk---
|
| 050 |
|
4 |
|a TJ140.R55
|b B68 2024
|
| 082 |
0 |
4 |
|a 620.00924
|2 23
|
| 100 |
1 |
|
|a Boughey, Joseph,
|d 1956-
|e author.
|1 https://id.oclc.org/worldcat/entity/E39PCjKPfHTmR9hgHc66XPKdjP
|
| 245 |
1 |
0 |
|a Exploring Rolt's landscapes :
|b writing, heritage and conservation /
|c Joseph Boughey.
|
| 264 |
|
1 |
|a Cheltenham, Gloucestershire :
|b History Press,
|c 2024.
|
| 300 |
|
|
|a 215 pages :
|b illustrations ;
|c 24 cm
|
| 336 |
|
|
|a text
|b txt
|2 rdacontent
|
| 337 |
|
|
|a unmediated
|b n
|2 rdamedia
|
| 338 |
|
|
|a volume
|b nc
|2 rdacarrier
|
| 504 |
|
|
|a Includes bibliographical references and index.
|
| 520 |
|
|
|a L.T.C. Rolt is still a towering figure in the fields of inland waterways, preserved railways and post-war conservation. A bridge and a locomotive have been named after him, and there is a Rolt Prize, Rolt Fellows and an annual Rolt Lecture. He played a crucial role in the revival of Britain's inland waterways and pioneered the first preserved narrow-gauge railway. In this fascinating series of linked essays, Joseph Boughey explains aspects of Rolt's earlier life and work, and sets his writing and practice in a broader context, considering such themes as the landscapes Rolt knew; the nature of travel and 'country' writing; the 1930s/40s organicist movement; English canals and navigable rivers from the 1930s to the '50s, including practical campaigning; the background to early railway preservation; and the nature of craft, craftspeople and preservation.
|
| 600 |
1 |
0 |
|a Rolt, L. T. C.,
|d 1910-1974.
|
| 600 |
1 |
7 |
|a Rolt, L. T. C.,
|d 1910-1974.
|2 fast
|0 https://id.worldcat.org/fast/53307
|
| 650 |
|
0 |
|a Mechanical engineers
|z Great Britain.
|
| 650 |
|
0 |
|a Canals
|z Great Britain
|x History.
|
| 650 |
|
6 |
|a Ingénieurs mécaniciens
|z Grande-Bretagne.
|
| 650 |
|
6 |
|a Canaux
|z Grande-Bretagne
|x Histoire.
|
| 650 |
|
7 |
|a Mechanical engineers.
|2 fast
|0 https://id.worldcat.org/fast/1013410
|
| 650 |
|
7 |
|a Canals.
|2 fast
|0 https://id.worldcat.org/fast/845230
|
| 651 |
|
7 |
|a Great Britain.
|2 fast
|0 https://id.worldcat.org/fast/1204623
|
| 655 |
|
7 |
|a History.
|2 fast
|0 https://id.worldcat.org/fast/1411628
|
| 776 |
0 |
8 |
|i Electronic version:
|a Boughey, Joseph.
|t Exploring Rolt's Landscapes.
|d London : History Press Limited, The, 2024
|z 9781803992723
|w (OCoLC)1460463680
|
| 945 |
|
|
|b 699566
|
| 947 |
|
|
|a A14852275198
|
| 980 |
|
|
|b print
|c 40032864012
|f NONFIC/B
|g 565714
|k USD
|m 34.39
|q 1
|s AcqMono Conventional
|t Approval plan
|u Vendor order reference number
|v ZYBP
|y Print approval
|z Physical resource
|
| 999 |
f |
f |
|i 56b976db-8d0c-4543-aff2-40db8899fe22
|s 69c9b73e-1f6b-43d8-9f59-c30ddd624e8b
|t 0
|
| 952 |
f |
f |
|p newbook
|a Texas A&M University
|b College Station
|c Sterling C. Evans Library
|s Evans nbs
|d Evans: New Book Shelves (1st floor)
|t 0
|e TJ140.R55 B68 2024
|h Library of Congress classification
|i unmediated -- volume
|m A14852275198
|
| 998 |
f |
f |
|a TJ140.R55 B68 2024
|t 0
|l Evans: Library Stacks
|